Normal view
MARC view
- Abdomen--Anatomy
Entry Topical Term
001 - CONTROL NUMBER
- control field: 113674
003 - CONTROL NUMBER IDENTIFIER
- control field: NUST
005 - DATE AND TIME OF LATEST TRANSACTION
- control field: 20230717094718.0
008 - FIXED-LENGTH DATA ELEMENTS
- fixed length control field: 230717|| aca||aabn | a|a d
040 ## - CATALOGING SOURCE
- Original cataloging agency: NUST
- Transcribing agency: NUST
150 ## - HEADING--TOPICAL TERM
- Topical term or geographic name entry element: Abdomen--Anatomy
670 ## - SOURCE DATA FOUND
- Source citation: Work cat.: (NUST): Koshi, Rachel 113667, Cunningham's manual of practical anatomy : , 2019.
